[Event "DEM U18 2017"]
[Site "Willingen GER"]
[Date "2017.06.08"]
[Round "7"]
[White "Küppers, Timo"]
[Black "Silber, Kevin"]
[Result "1-0"]
[Termination "normal"]
[Board "14"]
[WhiteElo "2192"]
[BlackElo "2048"]
[WhiteClock "00:24:50"]
[BlackClock "00:29:04"]
[PlyCount "101"]
[WhiteFideId "16205820"]
[BlackFideId "12930440"]
[EventCountry "GER"]
[EventRounds "9"]
[EventType "swiss"]
[EventDate "2017.06.03"]

1. e4 {[%clk 1:30:56]} 1... e5 {[%clk 1:30:31]} 2. Nf3 {[%clk 1:31:20]} 2...
Nc6 {[%clk 1:30:56]} 3. Bb5 {[%clk 1:31:48]} 3... f5 {[%clk 1:31:20]} 4. d3 {
[%clk 1:32:13]} 4... fxe4 {[%clk 1:31:46]} 5. dxe4 {[%clk 1:32:39]} 5... Nf6 {
[%clk 1:32:06]} 6. O-O {[%clk 1:33:03]} 6... Bc5 {[%clk 1:32:33]} 7. Bxc6 {
[%clk 1:33:23]} 7... bxc6 {[%clk 1:32:35]} 8. Nxe5 {[%clk 1:33:49]} 8... O-O {
[%clk 1:26:18]} 9. Nc3 {[%clk 1:32:17]} 9... d6 {[%clk 1:09:40]} 10. Nd3 {
[%clk 1:21:18]} 10... Bd4 {[%clk 1:08:11]} 11. Ne2 {[%clk 1:12:59]} 11... Bb6 {
[%clk 1:01:57]} 12. Bg5 {[%clk 1:07:06]} 12... Qe8 {[%clk 0:57:17]} 13. e5 {
[%clk 0:45:57]} 13... dxe5 {[%clk 0:55:54]} 14. Be3 {[%clk 0:44:08]} 14... Bxe3
{[%clk 0:49:56]} 15. fxe3 {[%clk 0:44:33]} 15... e4 {[%clk 0:46:05]} 16. Nc5 {
[%clk 0:36:16]} 16... Bg4 {[%clk 0:40:35]} 17. Nb3 {[%clk 0:26:14]} 17... Qh5 {
[%clk 0:38:29]} 18. Nbc1 {[%clk 0:22:54]} 18... Nd5 {[%clk 0:35:50]} 19. Rxf8+
{[%clk 0:21:29]} 19... Rxf8 {[%clk 0:36:15]} 20. Qd2 {[%clk 0:21:17]} 20... Qg5
{[%clk 0:21:07]} 21. Ng3 {[%clk 0:21:01]} 21... Nxe3 {[%clk 0:18:25]} 22. Nb3 {
[%clk 0:21:20]} 22... Rd8 {[%clk 0:06:33]} 23. Qc3 {[%clk 0:18:24]} 23... Nd1 {
[%clk 0:03:18]} 24. Qc4+ {[%clk 0:16:24]} 24... Kh8 {[%clk 0:02:27]} 25. Qxe4 {
[%clk 0:16:31]} 25... Qf6 {[%clk 0:02:19]} 26. h3 {[%clk 0:13:26]} 26... Nf2 {
[%clk 0:01:26]} 27. Qe1 {[%clk 0:12:44]} 27... Nxh3+ {[%clk 0:01:13]} 28. gxh3
{[%clk 0:13:06]} 28... Bxh3 {[%clk 0:01:36]} 29. c3 {[%clk 0:10:43]} 29... h5 {
[%clk 0:01:27]} 30. Qf2 {[%clk 0:09:32]} 30... Qg6 {[%clk 0:01:19]} 31. Kh2 {
[%clk 0:09:51]} 31... Bc8 {[%clk 0:00:56]} 32. Rg1 {[%clk 0:09:29]} 32... Qg4 {
[%clk 0:01:06]} 33. Re1 {[%clk 0:03:54]} 33... h4 {[%clk 0:01:09]} 34. Ne4 {
[%clk 0:04:06]} 34... Qh3+ {[%clk 0:00:46]} 35. Kg1 {[%clk 0:04:32]} 35... Qg4+
{[%clk 0:00:36]} 36. Qg2 {[%clk 0:04:50]} 36... Qf4 {[%clk 0:00:36]} 37. Qg5 {
[%clk 0:04:32]} 37... Rf8 {[%clk 0:00:45]} 38. Qxf4 {[%clk 0:04:23]} 38... Rxf4
{[%clk 0:01:13]} 39. Nbd2 {[%clk 0:02:12]} 39... Bf5 {[%clk 0:00:52]} 40. Re2 {
[%clk 0:02:18]} 40... h3 {[%clk 0:00:38]} 41. Kh2 {[%clk 0:29:28]} 41... Rh4 {
[%clk 0:27:52]} 42. Ng5 {[%clk 0:27:53]} 42... g6 {[%clk 0:28:16]} 43. Re3 {
[%clk 0:26:03]} 43... Kg7 {[%clk 0:27:18]} 44. Ndf3 {[%clk 0:25:16]} 44... Rh5
{[%clk 0:27:25]} 45. Re7+ {[%clk 0:25:34]} 45... Kf8 {[%clk 0:27:49]} 46. Rxc7
{[%clk 0:25:34]} 46... Ke8 {[%clk 0:28:02]} 47. Rxa7 {[%clk 0:24:35]} 47... Bg4
{[%clk 0:28:23]} 48. Rg7 {[%clk 0:24:17]} 48... Bxf3 {[%clk 0:28:46]} 49. Nxf3
{[%clk 0:24:43]} 49... Rf5 {[%clk 0:28:51]} 50. Kg3 {[%clk 0:24:36]} 50... Rf6
{[%clk 0:29:04]} 51. Rh7 {[%clk 0:24:50]} 1-0

[Event "DEM U18 2017"]
[Site "Willingen GER"]
[Date "2017.06.09"]
[Round "8"]
[White "Vogel, Roven"]
[Black "Ehmann, Thilo"]
[Result "1-0"]
[Termination "normal"]
[Board "1"]
[WhiteTitle "IM"]
[BlackTitle "FM"]
[WhiteElo "2464"]
[BlackElo "2268"]
[WhiteClock "00:22:04"]
[BlackClock "00:04:22"]
[PlyCount "155"]
[WhiteFideId "12908088"]
[BlackFideId "12940968"]
[EventCountry "GER"]
[EventRounds "9"]
[EventType "swiss"]
[EventDate "2017.06.03"]

1. d4 {[%clk 1:30:57]} 1... Nf6 {[%clk 1:30:54]} 2. c4 {[%clk 1:31:12]} 2... g6
{[%clk 1:31:18]} 3. Nc3 {[%clk 1:31:22]} 3... Bg7 {[%clk 1:31:44]} 4. Nf3 {
[%clk 1:31:17]} 4... O-O {[%clk 1:32:01]} 5. g3 {[%clk 1:31:38]} 5... d6 {
[%clk 1:29:10]} 6. Bg2 {[%clk 1:31:58]} 6... Na6 {[%clk 1:28:50]} 7. O-O {
[%clk 1:31:58]} 7... c5 {[%clk 1:28:45]} 8. b3 {[%clk 1:19:00]} 8... Bf5 {
[%clk 1:23:28]} 9. Bb2 {[%clk 1:16:49]} 9... Ne4 {[%clk 1:18:41]} 10. Nd5 {
[%clk 1:15:24]} 10... Be6 {[%clk 1:10:06]} 11. Qb1 {[%clk 1:04:21]} 11... f5 {
[%clk 1:07:34]} 12. dxc5 {[%clk 1:03:04]} 12... Naxc5 {[%clk 1:06:35]} 13. Bxg7
{[%clk 1:01:55]} 13... Kxg7 {[%clk 1:07:00]} 14. Nd4 {[%clk 0:59:51]} 14...
Bxd5 {[%clk 1:02:36]} 15. cxd5 {[%clk 1:00:00]} 15... a5 {[%clk 1:02:12]} 16.
a3 {[%clk 0:51:41]} 16... e5 {[%clk 0:59:08]} 17. dxe6 {[%clk 0:49:24]} 17...
Qf6 {[%clk 0:58:31]} 18. Qb2 {[%clk 0:49:05]} 18... Kg8 {[%clk 0:47:42]} 19.
Rfd1 {[%clk 0:38:04]} 19... Nxe6 {[%clk 0:43:23]} 20. e3 {[%clk 0:38:17]} 20...
Rac8 {[%clk 0:37:11]} 21. Rac1 {[%clk 0:37:28]} 21... Rc6 {[%clk 0:29:54]} 22.
f3 {[%clk 0:26:40]} 22... N4c5 {[%clk 0:23:04]} 23. b4 {[%clk 0:25:30]} 23...
axb4 {[%clk 0:19:59]} 24. axb4 {[%clk 0:25:53]} 24... Nxd4 {[%clk 0:16:58]} 25.
Qxd4 {[%clk 0:24:36]} 25... Qxd4 {[%clk 0:14:49]} 26. Rxd4 {[%clk 0:24:55]}
26... Na6 {[%clk 0:14:32]} 27. Rb1 {[%clk 0:25:00]} 27... Rfc8 {[%clk 0:14:06]}
28. b5 {[%clk 0:22:16]} 28... Rc1+ {[%clk 0:12:48]} 29. Rxc1 {[%clk 0:22:37]}
29... Rxc1+ {[%clk 0:13:15]} 30. Bf1 {[%clk 0:22:49]} 30... Nc5 {[%clk 0:11:57]
} 31. Rxd6 {[%clk 0:22:44]} 31... Rc3 {[%clk 0:09:57]} 32. Rd8+ {[%clk 0:20:58]
} 32... Kg7 {[%clk 0:09:40]} 33. Rc8 {[%clk 0:20:42]} 33... Kf6 {[%clk 0:09:25]
} 34. Rc7 {[%clk 0:19:33]} 34... Ke6 {[%clk 0:06:40]} 35. h4 {[%clk 0:17:10]}
35... h6 {[%clk 0:05:40]} 36. h5 {[%clk 0:10:08]} 36... gxh5 {[%clk 0:04:08]}
37. Rh7 {[%clk 0:10:30]} 37... Rxe3 {[%clk 0:04:17]} 38. Kf2 {[%clk 0:09:57]}
38... Rc3 {[%clk 0:04:09]} 39. Rxh6+ {[%clk 0:10:19]} 39... Ke5 {[%clk 0:03:58]
} 40. Rxh5 {[%clk 0:10:22]} 40... Rc2+ {[%clk 0:03:36]} 41. Kg1 {[%clk 0:08:57]
} 41... Rc3 {[%clk 0:02:53]} 42. Kf2 {[%clk 0:03:49]} 42... Rc2+ { [%clk
0:00:40]} 43. Ke1 {[%clk 0:00:41]} 43... Rc1+ {[%clk 0:25:39]} 44. Ke2 { [%clk
0:31:20]} 44... Ne6 {[%clk 0:16:35]} 45. f4+ {[%clk 0:30:27]} 45... Kd6 { [%clk
0:15:48]} 46. Bh3 {[%clk 0:26:13]} 46... Rc5 {[%clk 0:14:26]} 47. b6 { [%clk
0:25:34]} 47... Rb5 {[%clk 0:14:24]} 48. Kd2 {[%clk 0:25:17]} 48... Rxb6 {[%clk
0:12:59]} 49. Rxf5 {[%clk 0:23:14]} 49... Rb2+ {[%clk 0:13:11]} 50. Kc3 {[%clk
0:22:15]} 50... Rh2 {[%clk 0:13:12]} 51. Rh5 {[%clk 0:22:24]} 51... Nc5 {[%clk
0:13:05]} 52. Rh6+ {[%clk 0:22:42]} 52... Kc7 {[%clk 0:12:56]} 53. Kd4 { [%clk
0:22:33]} 53... Nb3+ {[%clk 0:11:14]} 54. Ke3 {[%clk 0:21:13]} 54... Rc2 {[%clk
0:09:05]} 55. Rh7+ {[%clk 0:21:33]} 55... Kd6 {[%clk 0:08:54]} 56. Rxb7 {[%clk
0:20:39]} 56... Rc3+ {[%clk 0:09:08]} 57. Kf2 {[%clk 0:21:03]} 57... Nc5 {[%clk
0:08:58]} 58. Rg7 {[%clk 0:21:26]} 58... Ne4+ {[%clk 0:07:54]} 59. Kg2 { [%clk
0:21:49]} 59... Kd5 {[%clk 0:07:45]} 60. Bf5 {[%clk 0:21:12]} 60... Nd6 { [%clk
0:06:06]} 61. Bh7 {[%clk 0:20:57]} 61... Ke6 {[%clk 0:05:14]} 62. g4 { [%clk
0:20:20]} 62... Kf6 {[%clk 0:04:44]} 63. Ra7 {[%clk 0:19:19]} 63... Ke6 { [%clk
0:02:22]} 64. Ra5 {[%clk 0:18:02]} 64... Nc4 {[%clk 0:01:24]} 65. Bg8+ { [%clk
0:18:23]} 65... Kf6 {[%clk 0:01:48]} 66. Ra6+ {[%clk 0:18:44]} 66... Kg7 {[%clk
0:02:13]} 67. Bxc4 {[%clk 0:19:09]} 67... Rxc4 {[%clk 0:02:41]} 68. Kg3 {[%clk
0:19:30]} 68... Rb4 {[%clk 0:02:58]} 69. g5 {[%clk 0:19:52]} 69... Rc4 { [%clk
0:03:18]} 70. Kg4 {[%clk 0:20:13]} 70... Rc1 {[%clk 0:03:20]} 71. Ra7+ { [%clk
0:20:37]} 71... Kg8 {[%clk 0:03:45]} 72. Kh5 {[%clk 0:20:29]} 72... Rc5 { [%clk
0:03:45]} 73. Kh6 {[%clk 0:20:12]} 73... Rc8 {[%clk 0:03:06]} 74. f5 { [%clk
0:20:32]} 74... Rf8 {[%clk 0:03:19]} 75. f6 {[%clk 0:20:49]} 75... Rc8 { [%clk
0:03:35]} 76. Kg6 {[%clk 0:21:14]} 76... Rb8 {[%clk 0:03:57]} 77. Rg7+ { [%clk
0:21:38]} 77... Kh8 {[%clk 0:04:22]} 78. Rh7+ {[%clk 0:22:04]} 1-0

[Event "DEM U18 2017"]
[Site "Willingen GER"]
[Date "2017.06.09"]
[Round "8"]
[White "Lagunow, Raphael"]
[Black "Sawlin, Leonid"]
[Result "1/2-1/2"]
[Termination "normal"]
[Board "2"]
[WhiteTitle "FM"]
[BlackTitle "FM"]
[WhiteElo "2318"]
[BlackElo "2303"]
[WhiteClock "00:40:14"]
[BlackClock "00:49:39"]
[PlyCount "47"]
[WhiteFideId "24652644"]
[BlackFideId "4689542"]
[EventCountry "GER"]
[EventRounds "9"]
[EventType "swiss"]
[EventDate "2017.06.03"]

1. c4 {[%clk 1:30:56]} 1... Nf6 {[%clk 1:30:02]} 2. d4 {[%clk 1:30:26]} 2... g6
{[%clk 1:24:41]} 3. f3 {[%clk 1:22:46]} 3... d5 {[%clk 1:19:21]} 4. cxd5 {
[%clk 1:18:55]} 4... Nxd5 {[%clk 1:19:46]} 5. e4 {[%clk 1:17:58]} 5... Nb6 {
[%clk 1:17:26]} 6. Nc3 {[%clk 1:15:58]} 6... Bg7 {[%clk 1:17:39]} 7. Be3 {
[%clk 1:14:54]} 7... O-O {[%clk 1:17:58]} 8. f4 {[%clk 1:09:08]} 8... Nc6 {
[%clk 1:12:14]} 9. d5 {[%clk 1:03:18]} 9... Na5 {[%clk 1:12:00]} 10. Bd4 {
[%clk 1:02:43]} 10... e5 {[%clk 1:04:35]} 11. Bxe5 {[%clk 0:58:37]} 11... Bxe5
{[%clk 1:04:53]} 12. fxe5 {[%clk 0:59:02]} 12... Qh4+ {[%clk 0:54:54]} 13. g3 {
[%clk 0:59:01]} 13... Qe7 {[%clk 0:55:18]} 14. Qd4 {[%clk 0:56:36]} 14... Rd8 {
[%clk 0:53:06]} 15. b4 {[%clk 0:49:38]} 15... Nac4 {[%clk 0:52:54]} 16. Nf3 {
[%clk 0:45:53]} 16... Bg4 {[%clk 0:51:49]} 17. Bxc4 {[%clk 0:43:58]} 17... Bxf3
{[%clk 0:50:54]} 18. O-O {[%clk 0:42:51]} 18... Qxb4 {[%clk 0:51:05]} 19. e6 {
[%clk 0:41:51]} 19... fxe6 {[%clk 0:50:43]} 20. Rxf3 {[%clk 0:41:26]} 20...
Qxc4 {[%clk 0:49:34]} 21. Qf6 {[%clk 0:40:48]} 21... exd5 {[%clk 0:49:00]} 22.
Qf7+ {[%clk 0:40:59]} 22... Kh8 {[%clk 0:49:21]} 23. Qf6+ {[%clk 0:40:48]}
23... Kg8 {[%clk 0:49:39]} 24. Qf7+ {[%clk 0:40:14]} 1/2-1/2

[Event "DEM U18 2017"]
[Site "Willingen GER"]
[Date "2017.06.09"]
[Round "8"]
[White "Spitzl, Vinzent"]
[Black "Schröder, Kevin"]
[Result "1-0"]
[Termination "normal"]
[Board "3"]
[BlackTitle "FM"]
[WhiteElo "2245"]
[BlackElo "2352"]
[WhiteClock "00:02:48"]
[BlackClock "00:11:14"]
[PlyCount "127"]
[WhiteFideId "12901253"]
[BlackFideId "12929840"]
[EventCountry "GER"]
[EventRounds "9"]
[EventType "swiss"]
[EventDate "2017.06.03"]

1. e4 {[%clk 1:30:46]} 1... e5 {[%clk 1:30:31]} 2. Nf3 {[%clk 1:30:49]} 2...
Nc6 {[%clk 1:30:57]} 3. Bb5 {[%clk 1:31:01]} 3... Nf6 {[%clk 1:31:04]} 4. d3 {
[%clk 1:29:41]} 4... Ne7 {[%clk 1:31:03]} 5. O-O {[%clk 1:27:18]} 5... Ng6 {
[%clk 1:31:19]} 6. Re1 {[%clk 1:21:28]} 6... c6 {[%clk 1:26:27]} 7. Ba4 { [%clk
1:21:19]} 7... Be7 {[%clk 1:26:18]} 8. c3 {[%clk 1:19:37]} 8... O-O { [%clk
1:25:55]} 9. d4 {[%clk 1:17:03]} 9... d5 {[%clk 1:23:22]} 10. Nxe5 { [%clk
1:05:22]} 10... Nxe5 {[%clk 1:21:53]} 11. dxe5 {[%clk 1:05:50]} 11... Nxe4
{[%clk 1:22:16]} 12. Be3 {[%clk 1:04:29]} 12... f5 {[%clk 1:19:48]} 13. exf6
{[%clk 1:01:37]} 13... Nxf6 {[%clk 1:16:26]} 14. h3 {[%clk 1:00:42]} 14... Bf5
{[%clk 1:09:31]} 15. Nd2 {[%clk 0:57:57]} 15... Qd7 {[%clk 1:07:03]} 16. Bc2
{[%clk 0:51:15]} 16... Bd6 {[%clk 0:58:03]} 17. Bxf5 {[%clk 0:45:10]} 17...
Qxf5 {[%clk 0:58:31]} 18. Qb1 {[%clk 0:45:27]} 18... Qe5 {[%clk 0:49:24]} 19.
Nf3 {[%clk 0:43:28]} 19... Qh5 {[%clk 0:49:52]} 20. Qd3 {[%clk 0:40:43]} 20...
Nd7 {[%clk 0:41:53]} 21. Bd4 {[%clk 0:37:12]} 21... c5 {[%clk 0:35:47]} 22. Be3
{[%clk 0:33:28]} 22... Nb6 {[%clk 0:30:17]} 23. Rad1 {[%clk 0:28:16]} 23...
Rxf3 {[%clk 0:29:11]} 24. gxf3 24... Qxh3 {[%clk 0:29:23]} 25. f4 { [%clk
0:27:33]} 25... Re8 {[%clk 0:28:36]} 26. Qf1 {[%clk 0:26:28]} 26... Qh5 { [%clk
0:27:26]} 27. Bc1 {[%clk 0:24:51]} 27... Rxe1 {[%clk 0:22:59]} 28. Rxe1 { [%clk
0:24:22]} 28... Qf5 {[%clk 0:23:23]} 29. Qe2 {[%clk 0:23:09]} 29... Nc8 { [%clk
0:19:22]} 30. Qe8+ {[%clk 0:19:03]} 30... Bf8 {[%clk 0:19:44]} 31. Qe5 { [%clk
0:14:44]} 31... Qg4+ {[%clk 0:19:08]} 32. Kh2 {[%clk 0:13:45]} 32... Qh4+
{[%clk 0:17:04]} 33. Kg2 {[%clk 0:14:00]} 33... Qg4+ {[%clk 0:17:15]} 34. Kh2 {
[%clk 0:13:48]} 34... Ne7 {[%clk 0:16:24]} 35. Qg5 {[%clk 0:09:44]} 35... Qd7 {
[%clk 0:14:25]} 36. c4 {[%clk 0:07:41]} 36... h6 {[%clk 0:12:15]} 37. Qe5 {
[%clk 0:07:13]} 37... dxc4 {[%clk 0:10:03]} 38. Qxc5 {[%clk 0:06:28]} 38... b5
{[%clk 0:08:16]} 39. a4 {[%clk 0:02:23]} 39... Nf5 {[%clk 0:04:42]} 40. Qxb5 {
[%clk 0:01:13]} 40... Qd3 {[%clk 0:00:41]} 41. Re5 {[%clk 0:25:40]} 41... Ne7 {
[%clk 0:24:26]} 42. Be3 {[%clk 0:24:14]} 42... Kh7 {[%clk 0:24:37]} 43. Qb7 {
[%clk 0:20:42]} 43... Ng6 {[%clk 0:24:22]} 44. Qe4 {[%clk 0:19:44]} 44... Qd1 {
[%clk 0:20:25]} 45. Qf5 {[%clk 0:17:36]} 45... Bb4 {[%clk 0:19:01]} 46. Re6 {
[%clk 0:14:41]} 46... Qd3 {[%clk 0:19:14]} 47. Qe4 {[%clk 0:14:41]} 47... a5 {
[%clk 0:18:47]} 48. f5 {[%clk 0:12:18]} 48... Nf8 {[%clk 0:17:08]} 49. f6+ {
[%clk 0:10:33]} 49... Kg8 {[%clk 0:16:45]} 50. Qxd3 {[%clk 0:05:55]} 50... cxd3
{[%clk 0:16:56]} 51. Re8 {[%clk 0:06:10]} 51... g5 {[%clk 0:14:55]} 52. Rd8 {
[%clk 0:06:12]} 52... Kf7 {[%clk 0:14:45]} 53. Rxd3 {[%clk 0:06:20]} 53... Ne6
{[%clk 0:15:10]} 54. Rd5 {[%clk 0:04:16]} 54... Kxf6 {[%clk 0:15:01]} 55. Bb6 {
[%clk 0:03:55]} 55... Nf4 {[%clk 0:14:22]} 56. Rb5 {[%clk 0:04:16]} 56... Bd6 {
[%clk 0:12:44]} 57. Bxa5 {[%clk 0:04:21]} 57... h5 {[%clk 0:12:45]} 58. Bd2 {
[%clk 0:03:46]} 58... Ne6+ {[%clk 0:12:45]} 59. Kg1 {[%clk 0:03:57]} 59... h4 {
[%clk 0:12:53]} 60. a5 {[%clk 0:03:10]} 60... Ke7 {[%clk 0:10:31]} 61. Bxg5+ {
[%clk 0:02:36]} 61... Kd7 {[%clk 0:10:49]} 62. Be3 {[%clk 0:02:44]} 62... h3 {
[%clk 0:11:10]} 63. a6 {[%clk 0:02:43]} 63... Nc7 {[%clk 0:11:14]} 64. a7 {
[%clk 0:02:48]} 1-0

[Event "DEM U18 2017"]
[Site "Willingen GER"]
[Date "2017.06.09"]
[Round "8"]
[White "Gschnitzer, Adrian"]
[Black "Kololli, Martin"]
[Result "1/2-1/2"]
[Termination "normal"]
[Board "4"]
[WhiteElo "2342"]
[BlackElo "2238"]
[WhiteClock "00:21:51"]
[BlackClock "00:29:08"]
[PlyCount "46"]
[WhiteFideId "1270337"]
[BlackFideId "12936910"]
[EventCountry "GER"]
[EventRounds "9"]
[EventType "swiss"]
[EventDate "2017.06.03"]

1. e4 {[%clk 1:30:58]} 1... e5 {[%clk 1:30:53]} 2. Nf3 {[%clk 1:31:22]} 2...
Nc6 {[%clk 1:31:18]} 3. d4 {[%clk 1:31:45]} 3... exd4 {[%clk 1:31:43]} 4. Nxd4
{[%clk 1:32:09]} 4... Qf6 {[%clk 1:31:59]} 5. Nb3 {[%clk 1:32:31]} 5... Qg6 {
[%clk 1:31:44]} 6. f3 {[%clk 1:32:52]} 6... Bd6 {[%clk 1:30:50]} 7. Nc3 { [%clk
1:33:02]} 7... Nf6 {[%clk 1:24:37]} 8. g3 {[%clk 1:32:29]} 8... O-O { [%clk
1:16:06]} 9. Bg2 {[%clk 1:32:29]} 9... Be5 {[%clk 1:13:22]} 10. Ne2 { [%clk
1:27:10]} 10... Bd6 {[%clk 1:10:05]} 11. O-O {[%clk 1:27:07]} 11... Re8 { [%clk
1:10:10]} 12. Nc3 {[%clk 1:22:12]} 12... Be5 {[%clk 1:02:16]} 13. Ne2 { [%clk
1:12:49]} 13... Bd6 {[%clk 1:02:16]} 14. c4 {[%clk 0:53:45]} 14... b6 { [%clk
0:57:33]} 15. Nc3 {[%clk 0:52:59]} 15... Ba6 {[%clk 0:48:50]} 16. Nb5 { [%clk
0:52:45]} 16... Bxb5 {[%clk 0:42:35]} 17. cxb5 {[%clk 0:52:34]} 17... Na5
{[%clk 0:42:57]} 18. Nxa5 {[%clk 0:47:12]} 18... Bc5+ {[%clk 0:40:19]} 19. Kh1
{[%clk 0:47:40]} 19... bxa5 {[%clk 0:40:40]} 20. e5 {[%clk 0:40:24]} 20... Rxe5
{[%clk 0:39:09]} 21. f4 {[%clk 0:40:35]} 21... Rh5 {[%clk 0:37:34]} 22. Bf3 {
[%clk 0:24:11]} 22... Rh3 {[%clk 0:35:34]} 23. Kg2 {[%clk 0:21:51]} 23... Qh6 {
[%clk 0:29:08]} 1/2-1/2

[Event "DEM U18 2017"]
[Site "Willingen GER"]
[Date "2017.06.09"]
[Round "8"]
[White "Oberhofer, Cédric"]
[Black "Uksini, Bardhyl"]
[Result "1-0"]
[Termination "normal"]
[Board "5"]
[WhiteElo "2187"]
[BlackElo "2331"]
[WhiteClock "00:04:33"]
[BlackClock "00:00:38"]
[PlyCount "77"]
[WhiteFideId "12941220"]
[BlackFideId "1628313"]
[EventCountry "GER"]
[EventRounds "9"]
[EventType "swiss"]
[EventDate "2017.06.03"]

1. e4 {[%clk 1:30:59]} 1... c5 {[%clk 1:30:52]} 2. Nf3 {[%clk 1:31:17]} 2... e6
{[%clk 1:31:12]} 3. d4 {[%clk 1:31:35]} 3... cxd4 {[%clk 1:31:12]} 4. Nxd4 {
[%clk 1:31:56]} 4... Nc6 {[%clk 1:31:21]} 5. Nc3 {[%clk 1:31:29]} 5... Qc7 {
[%clk 1:31:39]} 6. Be2 {[%clk 1:31:34]} 6... a6 {[%clk 1:32:03]} 7. O-O { [%clk
1:31:46]} 7... Nf6 {[%clk 1:32:27]} 8. Be3 {[%clk 1:32:00]} 8... Bb4 { [%clk
1:30:22]} 9. Na4 {[%clk 1:31:34]} 9... Be7 {[%clk 1:30:41]} 10. Nxc6 { [%clk
1:30:02]} 10... bxc6 {[%clk 1:31:03]} 11. Nb6 {[%clk 1:30:22]} 11... Rb8 {[%clk
1:31:28]} 12. Nxc8 {[%clk 1:30:41]} 12... Qxc8 {[%clk 1:30:39]} 13. Bd4 {[%clk
1:28:21]} 13... c5 {[%clk 1:31:03]} 14. Be5 {[%clk 1:28:28]} 14... Rb6 { [%clk
1:31:30]} 15. Qd3 {[%clk 1:27:37]} 15... O-O {[%clk 1:29:23]} 16. b3 { [%clk
1:26:31]} 16... d6 {[%clk 1:26:23]} 17. Bb2 {[%clk 1:22:35]} 17... e5 { [%clk
1:13:25]} 18. f4 {[%clk 1:08:55]} 18... Nd7 {[%clk 1:00:09]} 19. Bg4 { [%clk
1:01:24]} 19... c4 {[%clk 0:47:52]} 20. Qd5 {[%clk 0:46:07]} 20... Qc5+ { [%clk
0:33:51]} 21. Qxc5 {[%clk 0:42:00]} 21... Nxc5 {[%clk 0:33:23]} 22. fxe5 {[%clk
0:39:54]} 22... Nxe4 {[%clk 0:30:53]} 23. Bd4 {[%clk 0:32:39]} 23... Rb5 {[%clk
0:20:21]} 24. exd6 {[%clk 0:30:25]} 24... Bxd6 {[%clk 0:17:21]} 25. Rfe1 {[%clk
0:24:56]} 25... Ng5 {[%clk 0:08:40]} 26. Be2 {[%clk 0:22:19]} 26... Rd5 {[%clk
0:08:00]} 27. Be3 {[%clk 0:21:55]} 27... cxb3 {[%clk 0:07:11]} 28. axb3 {[%clk
0:18:52]} 28... a5 {[%clk 0:06:27]} 29. Bc4 {[%clk 0:14:51]} 29... Re5 { [%clk
0:04:49]} 30. Bd4 {[%clk 0:13:37]} 30... Bc5 {[%clk 0:04:20]} 31. Bxc5 { [%clk
0:13:46]} 31... Rxc5 {[%clk 0:04:45]} 32. Re7 {[%clk 0:11:40]} 32... h5 { [%clk
0:03:40]} 33. Ra7 {[%clk 0:09:50]} 33... Rd8 {[%clk 0:03:14]} 34. h4 { [%clk
0:07:59]} 34... Ne4 {[%clk 0:01:21]} 35. R7xa5 {[%clk 0:07:01]} 35... Rxa5
{[%clk 0:00:34]} 36. Rxa5 {[%clk 0:07:25]} 36... Rd1+ {[%clk 0:00:39]} 37. Kh2
{[%clk 0:07:28]} 37... g6 {[%clk 0:00:32]} 38. Ra7 {[%clk 0:05:47]} 38... Nd6
{[%clk 0:00:38]} 39. Rd7 {[%clk 0:04:33]} 1-0